000 00735nam a22001815i 4500
001 154338
003 ES-MaACL
005 20251015063137.0
008 021017s1883 fr |||| | fre d
040 _aCCPB | B
_bspa
_cCCPB | B
100 1 _aGodin, Jean-Baptiste André,
_d1817-1888
_9152546
245 1 0 _aMutualité nationale contre la misère
_b: pétition et proposition de loi a la Chambre des députés /
_cpar Godin.
260 _aParis :
_bGuillaumin & C\pie\s :
_bAuguste Ghio, éditeur,
_c1883.
300 _a127 p. ;
_c22 cm.
650 4 _aBeneficencia-
_zFrancia.
_9135685
852 _aES-MaACL
_jT-373-F-9
_z-- Enc. hol., falto de la cub. original
_z-- Enc. varias obras en un vol.
999 _c154338
_d154338